000 01891cam a22005534i 4500
003 PE-LiUPU
005 20250731180155.0
008 150616s r 000 0 d
020 _a9684222149
035 _a(Sirsi) i9789684222144
040 _aPE-LiUPU
_bspa
_cPE-LiUPU
_erda
049 _aPRUA
082 0 4 _a512.5
_bT73
_221
100 1 _aTorregrosa Sánchez, Juan Ramón,
_eautor.
245 1 0 _aAlgebra lineal y sus aplicaciones :
_bteoría y problemas /
_cJuan Ramón Torregrosa Sánchez.
264 1 _aMadrid :
_bArtes Gráficas EMA,
_c1989.
300 _a403 páginas ;
_c28 centímetros
336 _atext
_2rdacontent
337 _aunmediated
_2rdamedia
338 _avolume
_2rdacarrier
490 0 _aSerie Schaum
504 _aBibliografía: páginas 399.
505 0 _aSistemas de ecuaciones lineales.- Geometría de un espacio vectorial.- Teoría espectral en dimensión finita.- Sistemas de ecuaciones diferenciales.- Programación lineal.
526 _aSEG44
526 _aSEG26
526 _aP159
526 _aP155
526 _aP154
526 _aP153
526 _aP150
526 _aP100
526 _aP31
526 _aP30
526 _aP26
526 _aP25
526 _aP24
526 _aP22
526 _aP15
526 _aP10
650 1 4 _aÁlgebra.
_920
700 1 _aLluch, Cristina Jordán.
910 _ajck
_bjvq
_cjck
942 _2ddc
_cBOOK
949 _a512.5 T73
_wDEWEY
_c1
_i41419
_d2015-10-14
_e2015-10-14
_lCCODEBUL1
_mBUL
_n1
_r0
_sY
_tBOOK
_u2015-6-16
_xINGENIERIA
_zUNKNOWN
_0COMPRA
_o.STAFF. Colección General
994 _aC0
_bPEPRU
596 _a1
999 _a512.5 T73
_wDEWEY
_c59087
_i41419
_d59087
_e2019-6-5
_f2021-11-9
_g7
_lCCODEBUL1
_mBUL
_n3
_q2
_r0
_sY
_tBOOK
_u2015-6-16
_xINGENIERIA
_zUNKNOWN
_0COMPRA
_o.STAFF. Colección General
980 _81
_gALBERTO SANCHEZ Responsable de Automatización